000
00321 a2200133 4500
000
nam a22 7a 4500
100
_a
UNICEF
110
_a
UNICEF
245
_a
The state of the World's Childern 2016:a fair chance for every child
250
_a
latest edition
260
_b
UNICEF
264
_b
UNICEF
942
_c
BK
999
_c
393329
_d
393329